ARRUPE JESUIT UNIVERSITY

CORONAVIRUS -STOP THE SPREAD - CLEAN,DISINFECT,COVER

Fabien Eboussi Boulaga, la philosophie du Muntu / (Record no. 123773)

MARC details
000 -LEADER
fixed length control field 01209cam a22003497a 4500
001 - CONTROL NUMBER
control field 15797039
003 - CONTROL NUMBER IDENTIFIER
control field ARRUPE
005 - DATE AND TIME OF LATEST TRANSACTION
control field 20151112110334.0
008 - FIXED-LENGTH DATA ELEMENTS--GENERAL INFORMATION
fixed length control field 090529s2009 fr b 001 0 fre d
010 ## - LIBRARY OF CONGRESS CONTROL NUMBER
LC control number 2009492064
020 ## - INTERNATIONAL STANDARD BOOK NUMBER
International Standard Book Number 9782811102173
020 ## - INTERNATIONAL STANDARD BOOK NUMBER
International Standard Book Number 2811102175
035 ## - SYSTEM CONTROL NUMBER
System control number (OCoLC)ocn370360764
040 ## - CATALOGING SOURCE
Original cataloging agency TZT
Transcribing agency TZT
Modifying agency INU
-- DLC
042 ## - AUTHENTICATION CODE
Authentication code lccopycat
043 ## - GEOGRAPHIC AREA CODE
Geographic area code f-cm---
050 00 - LIBRARY OF CONGRESS CALL NUMBER
Classification number B5375
Item number .F33 2009
300 ## - PHYSICAL DESCRIPTION
Dimensions 24 cm.
245 00 - TITLE STATEMENT
Title Fabien Eboussi Boulaga, la philosophie du Muntu /
Statement of responsibility, etc sous la direction de Ambroise Kom.
260 ## - PUBLICATION, DISTRIBUTION, ETC. (IMPRINT)
Place of publication, distribution, etc Paris :
Name of publisher, distributor, etc Karthala,
Date of publication, distribution, etc c2009.
300 ## - PHYSICAL DESCRIPTION
Extent 310 p. ;
504 ## - BIBLIOGRAPHY, ETC. NOTE
Bibliography, etc "Bibliographie de Fabien Eboussi Boulaga": p. 21-24.
504 ## - BIBLIOGRAPHY, ETC. NOTE
Bibliography, etc Includes bibliographical references and index.
600 10 - SUBJECT ADDED ENTRY--PERSONAL NAME
Personal name Eboussi Boulaga, F.
Fuller form of name (Fabien)
9 (RLIN) 21042
650 #0 - SUBJECT ADDED ENTRY--TOPICAL TERM
Topical term or geographic name as entry element Philosophy, African
9 (RLIN) 21043
651 #0 - SUBJECT ADDED ENTRY--GEOGRAPHIC NAME
Geographic name Cameroon
General subdivision Intellectual life.
9 (RLIN) 21044
653 ## - INDEX TERM--UNCONTROLLED
Uncontrolled term African Philosophy.
700 1# - ADDED ENTRY--PERSONAL NAME
Personal name Kom, Ambroise,
Dates associated with a name 1946-
9 (RLIN) 21045
906 ## - LOCAL DATA ELEMENT F, LDF (RLIN)
a 7
b cbc
c copycat
d 3
e ncip
f 20
g y-gencatlg
942 ## - ADDED ENTRY ELEMENTS (KOHA)
Source of classification or shelving scheme Library of Congress Classification
Koha item type Monograph ( Printed materials)
Holdings
Withdrawn status Lost status Source of classification or shelving scheme Damaged status Not for loan Collection code Home library Current library Shelving location Date acquired Total Checkouts Full call number Barcode Date last seen Date checked out Price effective from Koha item type
    Library of Congress Classification     Main Collection ARRUPE LIBRARY ARRUPE LIBRARY Main Collection 12/11/2015 10 B5375 .F33 2009 80005002627 10/12/2024 24/05/2023 12/11/2015 Monograph ( Printed materials)

 

Arrupe Library. PO Box MP320 Mt Pleasant, Harare, Zimbabwe
263 242 745411|librarian@aju.ac.zw